Loading...
| Social Science | 6 | 5 | 0 | 2 | 140 | 30 | 74.18 | 8 | 11 |
| Auditory Arts | 4 | 3 | 0 | 0 | 90 | 39 | 72.57 | 5 | 7 |
| History - World History | 1 | 6 | 0 | 2 | 75 | 55 | 78.57 | 2 | 7 |
| History - Other History | 2 | 2 | 0 | 1 | 50 | 66 | 90.00 | 4 | 4 |
| History - Ancient History | 2 | 2 | 1 | 2 | 45 | 64 | 100.00 | 2 | 4 |
| Beliefs | 1 | 3 | 0 | 2 | 45 | 77 | 109.25 | 1 | 4 |
| History - American History | 2 | 2 | 1 | 0 | 45 | 58 | 67.50 | 1 | 4 |
| Fine Arts - Other Arts | 2 | 1 | 0 | 1 | 40 | 63 | 82.67 | 2 | 3 |
| Science - Other Science | 2 | 1 | 0 | 0 | 40 | 49 | 58.00 | 2 | 3 |
| Philosophy | 0 | 3 | 0 | 2 | 30 | 79 | 115.67 | 1 | 3 |
| History - European History | 1 | 2 | 2 | 1 | 25 | 56 | 100.67 | 1 | 3 |
| Current Events | 1 | 0 | 0 | 0 | 15 | 45 | 45.00 | 1 | 1 |
| Other Academic | 0 | 1 | 0 | 1 | 10 | 126 | 126.00 | 0 | 1 |
| Literature - European Literature | 0 | 1 | 0 | 0 | 10 | 97 | 97.00 | 0 | 1 |
| Geography | 0 | 1 | 1 | 0 | 5 | 91 | 91.00 | 0 | 1 |